|
|
|
|
| LEADER |
00000nam0a2200000 4500 |
| 001 |
160092 |
| 005 |
20231031155453.0 |
| 010 |
|
|
|a 9785904057022
|
| 035 |
|
|
|a (RuTPU)RU\TPU\book\173613
|
| 090 |
|
|
|a 160092
|
| 100 |
|
|
|a 20090518d2008 m y0rusy50 ca
|
| 101 |
0 |
|
|a rus
|
| 102 |
|
|
|a RU
|
| 105 |
|
|
|a a z 000zy
|
| 200 |
1 |
|
|a След на земле
|f П. С. Сухотеплый
|
| 210 |
|
|
|a Томск
|c Премиум
|d 2008
|
| 215 |
|
|
|a 160 с.
|c ил.
|
| 610 |
1 |
|
|a русская литература
|
| 610 |
1 |
|
|a мемуары
|
| 610 |
1 |
|
|a воспоминания
|
| 610 |
1 |
|
|a автобиографическая проза
|
| 610 |
1 |
|
|a Томск
|
| 610 |
1 |
|
|a строительный комплекс
|
| 610 |
1 |
|
|a строители
|
| 675 |
|
|
|a Р2
|v 3
|
| 700 |
|
1 |
|a Сухотеплый
|b П. С.
|g Павел Сергеевич
|
| 801 |
|
1 |
|a RU
|b 63413507
|c 20090518
|g PSBO
|
| 801 |
|
2 |
|a RU
|b 63413507
|c 20090520
|g PSBO
|
| 942 |
|
|
|c BK
|